000
00316nam a2200121Ia 4500
008
190216s9999||||xx |||||||||||||| ||und||
100
_a
Barhmananda Pr
245
0
_a
Growthless Inflation By Means Of Stockless Money
260
_b
Himalaya Publishing House
_c
1980
300
_a
471p
650
_a
Economics
942
_c
BK
999
_c
9549
_d
9549